000 03550nam a22006375i 4500
001 978-3-319-42809-3
003 DE-He213
005 20210118134937.0
007 cr nn 008mamaa
008 160831s2017 gw | s |||| 0|eng d
020 _a9783319428093
_9978-3-319-42809-3
024 7 _a10.1007/978-3-319-42809-3
_2doi
050 4 _aTK5102.9
050 4 _aTA1637-1638
072 7 _aTTBM
_2bicssc
072 7 _aTEC008000
_2bisacsh
072 7 _aTTBM
_2thema
072 7 _aUYS
_2thema
082 0 4 _a621.382
_223
100 1 _aRahman, Mehnaz.
_eauthor.
_4aut
_4http://id.loc.gov/vocabulary/relators/aut
245 1 0 _aK-Best Decoders for 5G+ Wireless Communication
_h[electronic resource] /
_cby Mehnaz Rahman, Gwan S. Choi.
250 _a1st ed. 2017.
264 1 _aCham :
_bSpringer International Publishing :
_bImprint: Springer,
_c2017.
300 _aXIV, 64 p. 37 illus., 5 illus. in color.
_bonline resource.
336 _atext
_btxt
_2rdacontent
337 _acomputer
_bc
_2rdamedia
338 _aonline resource
_bcr
_2rdacarrier
347 _atext file
_bPDF
_2rda
505 0 _aIntroduction -- Background -- Real Domain Iterative K-best Detector -- Complex Domain Iterative K-best Decoder -- Fixed Point Realization of Iterative K-best Decoder -- Adaptive Real Domain Iterative K-best Decoder -- Conclusion -- References.
520 _aThis book discusses new, efficient and hardware realizable algorithms that can attain the performance of beyond 5G wireless communication. The authors explain topics gradually, stepping from basic MIMO detection to optimized schemes for both hard and soft domain MIMO detection and also to the feasible VLSI implementation, scalable to any MIMO configuration (including massive MIMO, used in satellite/space communication). The techniques described in this book enable readers to implement real designs, with reduced computational complexity and improved performance.
650 0 _aSignal processing.
650 0 _aImage processing.
650 0 _aSpeech processing systems.
650 0 _aElectronic circuits.
650 0 _aElectronics.
650 0 _aMicroelectronics.
650 1 4 _aSignal, Image and Speech Processing.
_0http://scigraph.springernature.com/things/product-market-codes/T24051
650 2 4 _aCircuits and Systems.
_0http://scigraph.springernature.com/things/product-market-codes/T24068
650 2 4 _aElectronics and Microelectronics, Instrumentation.
_0http://scigraph.springernature.com/things/product-market-codes/T24027
700 1 _aChoi, Gwan S.
_eauthor.
_4aut
_4http://id.loc.gov/vocabulary/relators/aut
710 2 _aSpringerLink (Online service)
773 0 _tSpringer eBooks
776 0 8 _iPrinted edition:
_z9783319428086
776 0 8 _iPrinted edition:
_z9783319428109
776 0 8 _iPrinted edition:
_z9783319826691
856 4 0 _uhttps://doi.org/10.1007/978-3-319-42809-3
912 _aZDB-2-ENG
999 _c449107
_d449107
942 _cEB
506 _aAvailable to subscribing member institutions only. Доступно лише організаціям членам підписки.
506 _fOnline access from local network of NaUOA.
506 _fOnline access with authorization at https://link.springer.com/
506 _fОнлайн-доступ з локальної мережі НаУОА.
506 _fОнлайн доступ з авторизацією на https://link.springer.com/